00359nam a2200157Ia 4500008004100000041000800041100001200049245006600061250000800127300000800135365000600143500000900149520001200158650001200170999001900182230605s9999 xx 000 0 und d aeng aKhandge aWomens Literature in Indian Languages (1850 to 2000 ) Vol- II a1st a590 b0 a1952 aGeneral aG.SKILL c418884d418884